Quiz Les Empires : Rome (Partie 2) - Statistiques

Statistiques générales
  • Ce quiz a été pris 71 fois
  • Le résultat moyen est 7 sur 9
Statistiques - réponses
Question Réponse % Correct
En 27 avant JC, l'Empire succède à la République. Quel est le nom du premier empereur de Rome ? Auguste
86%
En 395, l'Empire romain est officiellement... Divisé entre Empire romain d'Occident et Empire romain d'Orient
86%
Quand prend fin l'Empire romain ? En 476 pour l'Empire romain d'Occident et en 1453 pour l'Empire romain d'Orient
86%
Quelle religion, proscrite depuis 3 siècles, est admise comme les autres religions existant dans l'Empire par un édit de Milan de 313 des co empereurs Constantin et Licinius ? Le christianisme
86%
A partir de 376, l'Empire romain subit ce qu'on appellera les grandes invasions. Quel peuple venu d'Asie poussera les tribus germaniques établies au-delà du Rhin et du Danube à pénétrer dans l'Empire ? Les Huns
86%
Le suicide de l'empereur Néron en 68 amène un an et demi de troubles qui vont voir se succéder plusieurs empereurs. Le dernier d'entre eux est Titus Flavius Vespasianus que nous connaissons sous le nom de Vespasien
86%
De 43 à 84, la Britannia romaine est conquise. Sous quel nom actuel est connue l'île au large de la Gaule sur laquelle se situait la Britannia romaine ? Grande-Bretagne
71%
De 88 à 30 avant JC, la fin de la République est émaillée de guerres opposant des généraux ambitieux pour le pouvoir. Il s'agit des Guerres civiles
71%
Après deux siècles de prospérité et d'une paix relative, les IIIe et IVe siècles marquent la décadence de l'Empire. Cette décadence se traduit par Toutes les autres propositions énumérées démontrent cette décadence
29%
Aucun quiz correspondant
Distribution des résultats
% des personnes avec chaque résultat
Percentile par nombre de réponses
Votre historique - résultats
Vous n’avez pas pris ce quiz